The Concise Encyclopaedia of Antiques (Record no. 6847)
[ view plain ]
| 000 -CABECERA | |
|---|---|
| campo de control de longitud fija | 00832nam a2200265 a 4500 |
| 001 - NÚMERO DE CONTROL | |
| campo de control | BRCA_7166 |
| 005 - FECHA Y HORA DE LA ÚLTIMA TRANSACCIÓN | |
| campo de control | 20190320205732.0 |
| 008 - DATOS DE LONGITUD FIJA--INFORMACIÓN GENERAL | |
| campo de control de longitud fija | 110610s1954----enka######---#000-0#eng-# |
| 041 ## - CÓDIGO DE LENGUA | |
| Código de lengua del texto/banda sonora o título independiente | eng |
| 044 ## - CÓDIGO DEL PAÍS DE LA ENTIDAD EDITORA/PRODUCTORA | |
| Código MARC del país | enk |
| 050 #4 - SIGNATURA TOPOGRÁFICA DE LA BIBLIOTECA DEL CONGRESO | |
| Número de clasificación | NK1125 |
| Número de documento/Ítem | .C66 4 |
| -- | 1954 |
| 245 10 - MENCIÓN DE TÍTULO | |
| Título | The Concise Encyclopaedia of Antiques |
| Mención de responsabilidad, etc. | compiled by the Connoisseur. |
| 260 ## - PUBLICACIÓN, DISTRIBUCIÓN, ETC. | |
| Lugar de publicación, distribución, etc. | Londres |
| Nombre del editor, distribuidor, etc. | L.G.G. Ramsey, F.S.A. |
| Fecha de publicación, distribución, etc. | 1954 |
| 300 ## - DESCRIPCIÓN FÍSICA | |
| Extensión | 288 p. |
| Otras características físicas | il. |
| Dimensiones | 25 cm. |
| 500 ## - NOTA GENERAL | |
| Nota general | Incluye índice de nombres y lugares |
| 500 ## - NOTA GENERAL | |
| Nota general | Estado físico: camisa rota |
| 500 ## - NOTA GENERAL | |
| Nota general | Enciclopedia inventariada por Banco de México como libro |
| 500 ## - NOTA GENERAL | |
| Nota general | Ver también AM42, AM43 y AM45 |
| 500 ## - NOTA GENERAL | |
| Nota general | O212 |
| 650 14 - PUNTO DE ACCESO ADICIONAL DE MATERIA--TÉRMINO DE MATERIA | |
| Término de materia o nombre geográfico como elemento de entrada | Objetos de arte |
| Subdivisión de forma | Enciclopedias |
| 9 (RLIN) | 17765 |
| 650 14 - PUNTO DE ACCESO ADICIONAL DE MATERIA--TÉRMINO DE MATERIA | |
| Término de materia o nombre geográfico como elemento de entrada | Coleccionistas y colecciones |
| 9 (RLIN) | 17766 |
| 650 14 - PUNTO DE ACCESO ADICIONAL DE MATERIA--TÉRMINO DE MATERIA | |
| Término de materia o nombre geográfico como elemento de entrada | Antigüedades |
| 9 (RLIN) | 17767 |
| 902 ## - CATALOGADOR | |
| Iniciales | GFM |
| 942 ## - ELEMENTOS DE PUNTO DE ACCESO ADICIONAL (KOHA) | |
| Fuente del sistema de clasificación o colocación | Library of Congress Classification |
| Tipo de ítem Koha | Libros |
| Estado de retiro | Estado de pérdida | Estado dañado | No para préstamo | Localización permanente | Ubicación/localización actual | Fecha de adquisición | Número de inventario | Total de préstamos | Signatura topográfica completa | Código de barras | Fecha visto por última vez | Precio válido a partir de | Tipo de ítem Koha |
|---|---|---|---|---|---|---|---|---|---|---|---|---|---|
| El ejemplar forma parte de la colección y puede ser consultado según las políticas vigentes. | Biblioteca del Museo Franz Mayer (Rogerio Casas-Alatriste) | Biblioteca del Museo Franz Mayer (Rogerio Casas-Alatriste) | 12/01/2012 | O212 | NK1125 .C66 4 1954 (O212) | 7613 | 22/03/2019 | 22/03/2019 | Libros |